<?xml version="1.0" encoding="UTF-8"?>
<record
    xmlns:xsi="http://www.w3.org/2001/XMLSchema-instance"
    xsi:schemaLocation="http://www.loc.gov/MARC21/slim http://www.loc.gov/standards/marcxml/schema/MARC21slim.xsd"
    xmlns="http://www.loc.gov/MARC21/slim">

  <leader>02887nam a2200457 i 4500</leader>
  <controlfield tag="001">DIGSIMONP0005</controlfield>
  <controlfield tag="003">NyNyDIG</controlfield>
  <controlfield tag="008">200824s2016    bo a    o     000 0 spa d</controlfield>
  <controlfield tag="006">m     o  d        </controlfield>
  <controlfield tag="007">cr |||||||||||</controlfield>
  <datafield tag="035" ind1=" " ind2=" ">
    <subfield code="a">(OCoLC)1226751916</subfield>
  </datafield>
  <datafield tag="040" ind1=" " ind2=" ">
    <subfield code="a">DGITA</subfield>
    <subfield code="b">eng</subfield>
    <subfield code="e">rda</subfield>
    <subfield code="e">pn</subfield>
    <subfield code="c">DGITA</subfield>
  </datafield>
  <datafield tag="020" ind1=" " ind2=" ">
    <subfield code="z">9789997461414</subfield>
  </datafield>
  <datafield tag="020" ind1=" " ind2=" ">
    <subfield code="z">999746141X</subfield>
  </datafield>
  <datafield tag="043" ind1=" " ind2=" ">
    <subfield code="a">s-bo---</subfield>
  </datafield>
  <datafield tag="050" ind1="1" ind2="4">
    <subfield code="a">NK1432.A1 ebook</subfield>
  </datafield>
  <datafield tag="245" ind1="0" ind2="0">
    <subfield code="a">Bolivia lenguajes gr&#xE1;ficos.</subfield>
    <subfield code="n">Tomo uno /</subfield>
    <subfield code="c">direcci&#xF3;n del proyecto, Michela Pentamalli ; equipo de investigaci&#xF3;n y curadur&#xED;a, Michela Pentimalli, Mar&#xED;a Isabel &#xC1;lvarez Plata, Jacqueline Calatayud, Rodny Montoya ; coordinaci&#xF3;n, Mar&#xED;a Isabel &#xC1;lvarez Plata.</subfield>
  </datafield>
  <datafield tag="264" ind1=" " ind2="1">
    <subfield code="a">[Cochabamba, Bolivia] :</subfield>
    <subfield code="b">Fundaci&#xF3;n Sim&#xF3;n I. Pati&#xF1;o,</subfield>
    <subfield code="c">[2016]</subfield>
  </datafield>
  <datafield tag="300" ind1=" " ind2=" ">
    <subfield code="a">1 online resource :</subfield>
    <subfield code="b">illustrations (some color)</subfield>
  </datafield>
  <datafield tag="336" ind1=" " ind2=" ">
    <subfield code="a">text</subfield>
    <subfield code="b">txt</subfield>
    <subfield code="2">rdacontent</subfield>
  </datafield>
  <datafield tag="337" ind1=" " ind2=" ">
    <subfield code="a">computer</subfield>
    <subfield code="b">c</subfield>
    <subfield code="2">rdamedia</subfield>
  </datafield>
  <datafield tag="338" ind1=" " ind2=" ">
    <subfield code="a">online resource</subfield>
    <subfield code="b">cr</subfield>
    <subfield code="2">rdacarrier</subfield>
  </datafield>
  <datafield tag="347" ind1=" " ind2=" ">
    <subfield code="a">text file</subfield>
    <subfield code="2">rdaft</subfield>
  </datafield>
  <datafield tag="347" ind1=" " ind2=" ">
    <subfield code="b">PDF</subfield>
  </datafield>
  <datafield tag="505" ind1="0" ind2=" ">
    <subfield code="a">Bolivia, lenguajes gr&#xE1;ficos / Michela Pentimalli -- Del concepto a la materialidad / Cecilia Mariaca -- Mensajes sobre rocas : arte rupestre de Bolivia / Matthias Strecker y Freddy Taboada -- Perd&#xF3;n por rayar su pared : para una historia local del grafiti / Rodny Montoya -- Carne buena del Altiplano, letreros en El Alto / Jaqueline Calatayud -- Trama y urdimbre : los textiles, espacios de comunicaci&#xF3;n y representaci&#xF3;n / Silvia Arze O. -- Detr&#xE1;s del nudo : desciframiento de quipus, de las cuerdas-registros a los documentos escritos / Carmen Beatriz Loza -- Los textiles comparados con los khipus : hacia un lenguaje tejido en com&#xFA;n de documentaci&#xF3;n en los Andes surcentrales / Denise Y. Arnold -- M&#xE1;s que las palabras : la se&#xF1;al&#xE9;tica y la creaci&#xF3;n de una imagen institucional inspirada en el arte ind&#xED;gena boliviano / Rodrigo Arteaga Trigo -- Herramientas de la memoria : escritura ideogr&#xE1;fica andina / Mar&#xED;a Isabel &#xC1;lvarez Plata.</subfield>
  </datafield>
  <datafield tag="588" ind1="0" ind2=" ">
    <subfield code="a">Online resource; title from PDF title page (Digitalia, viewed August 24, 2020)</subfield>
  </datafield>
  <datafield tag="650" ind1=" " ind2="0">
    <subfield code="a">Graphic arts</subfield>
    <subfield code="z">Bolivia</subfield>
    <subfield code="x">Themes, motives.</subfield>
  </datafield>
  <datafield tag="650" ind1=" " ind2="0">
    <subfield code="a">Visual communication</subfield>
    <subfield code="z">Bolivia.</subfield>
  </datafield>
  <datafield tag="651" ind1=" " ind2="0">
    <subfield code="a">Bolivia</subfield>
    <subfield code="x">Civilization.</subfield>
  </datafield>
  <datafield tag="655" ind1=" " ind2="0">
    <subfield code="a">Electronic books.</subfield>
  </datafield>
  <datafield tag="700" ind1="1" ind2=" ">
    <subfield code="a">Pentimalli, Michela,</subfield>
    <subfield code="e">editor,</subfield>
    <subfield code="e">author.</subfield>
  </datafield>
  <datafield tag="700" ind1="1" ind2=" ">
    <subfield code="a">Alvarez Plata, Marisabel,</subfield>
    <subfield code="e">editor,</subfield>
    <subfield code="e">author.</subfield>
  </datafield>
  <datafield tag="700" ind1="1" ind2=" ">
    <subfield code="a">Calatayud, Jacqueline,</subfield>
    <subfield code="e">editor,</subfield>
    <subfield code="e">author.</subfield>
  </datafield>
  <datafield tag="700" ind1="1" ind2=" ">
    <subfield code="a">Montoya Rojas, Rodny,</subfield>
    <subfield code="d">1981-</subfield>
    <subfield code="e">editor,</subfield>
    <subfield code="e">author.</subfield>
  </datafield>
  <datafield tag="791" ind1="2" ind2=" ">
    <subfield code="a">Digitalia (Firm),</subfield>
    <subfield code="e">distributor.</subfield>
  </datafield>
  <datafield tag="793" ind1="0" ind2=" ">
    <subfield code="g">Digitalia eBook Collection:</subfield>
    <subfield code="a">Fundaci&#xF3;n Sim&#xF3;n I. Pati&#xF1;o</subfield>
  </datafield>
  <datafield tag="776" ind1="0" ind2="8">
    <subfield code="i">Print version:</subfield>
    <subfield code="t">Bolivia lenguajes gr&#xE1;ficos. Tomo uno.</subfield>
    <subfield code="d">[Cochabamba, Bolivia] : Fundaci&#xF3;n Sim&#xF3;n I. Pati&#xF1;o, [2016]</subfield>
    <subfield code="z">9789997461414</subfield>
  </datafield>
  <datafield tag="856" ind1="4" ind2="0">
    <subfield code="3">Digitalia Hisp&#xE1;nica</subfield>
    <subfield code="u">https://www.digitaliapublishing.com/a/52047/</subfield>
  </datafield>
  <datafield tag="910" ind1=" " ind2=" ">
    <subfield code="a">Premium collection: 2020</subfield>
  </datafield>
  <datafield tag="942" ind1=" " ind2=" ">
    <subfield code="c">RAA</subfield>
  </datafield>
  <datafield tag="952" ind1=" " ind2=" ">
    <subfield code="0">0</subfield>
    <subfield code="1">0</subfield>
    <subfield code="4">0</subfield>
    <subfield code="7">0</subfield>
    <subfield code="8">DEH</subfield>
    <subfield code="a">BD-UIN</subfield>
    <subfield code="b">BD-UIN</subfield>
    <subfield code="d">2025-04-25</subfield>
    <subfield code="l">0</subfield>
    <subfield code="r">2025-04-25</subfield>
    <subfield code="w">2025-04-25</subfield>
    <subfield code="y">RAA</subfield>
  </datafield>
  <datafield tag="999" ind1=" " ind2=" ">
    <subfield code="c">253013</subfield>
    <subfield code="d">253013</subfield>
  </datafield>
</record>
